[Event "Ruhrgebiet Verbandsliga2 1213"]
[Site "Nordrheinwestfalen"]
[Date "2013.02.24"]
[Round "7.7"]
[White "Reiter, Hans Ernst"]
[Black "Raschkowski, Alexander"]
[Result "1/2-1/2"]
[WhiteElo "2029"]
[BlackElo "1693"]
[PlyCount "112"]
[EventDate "2012.09.02"]
[EventType "team-tourn"]
[EventRounds "9"]
[EventCountry "GER"]
[SourceTitle "EXT 2020"]
[Source "ChessBase"]
[SourceDate "2019.10.17"]
[SourceVersion "1"]
[SourceVersionDate "2019.10.17"]
[SourceQuality "1"]
[WhiteTeam "Muelheim Nord III"]
[BlackTeam "Brackel SF II"]
[WhiteTeamCountry "GER"]
[BlackTeamCountry "GER"]

1. d4 d5 2. Nf3 Nf6 3. Bf4 e6 4. c3 Bd6 5. Bxd6 Qxd6 6. e3 Nbd7 7. Bd3 e5 8. dxe5 Nxe5 9. Nxe5 Qxe5 10. Nd2 Bg4 11. Qb3 0-0 12. h3 Be6 13. Nf3 Qd6 14. 0-0 d4 15. Qc2 dxe3 16. fxe3 Rad8 17. Rad1 Qb6 18. Nd4 Bxa2 19. b3 Rxd4 20. Qxa2 Rd6 21. Rf3 Nd5 22. Qc2 g6 23. Bc4 Nxe3 24. Rxd6 cxd6 25. Qf2 Nxc4 26. bxc4 Qxf2+ 27. Rxf2 Rc8 28. Rb2 b6 29. Rb4 a5 30. Rxb6 Rxc4 31. Rxd6 Rxc3 32. Ra6 Rc1+ 33. Kh2 Ra1 34. h4 h5 35. Ra7 a4 36. Ra6 a3 37. Ra7 a2 38. Ra6 Kg7 39. Kg3 Kh6 40. Kh2 Kg7 41. Kg3 f5 42. Kh2 f4 43. Ra4 g5 44. Ra7+ Kg6 45. Ra6+ Kf5 46. Ra5+ Kg4 47. hxg5 Rb1 48. Rxa2 Kxg5 49. Ra3 Rb2 50. Kh3 Re2 51. Ra5+ Kg6 52. Ra8 Re1 53. Kh2 Kg5 54. Rf8 Re6 55. Kh3 Rf6 56. Rg8+ Rg6 1/2-1/2

[Event "Dortmund op-B"]
[Site "Dortmund"]
[Date "2009.07.08"]
[Round "5"]
[White "Raschkowski, Alexander"]
[Black "Grunwald, Guenther"]
[Result "1-0"]
[WhiteElo "1619"]
[BlackElo "1719"]
[PlyCount "49"]
[EventDate "2009.07.04"]
[EventType "swiss"]
[EventRounds "9"]
[EventCountry "GER"]
[SourceTitle "EXT 2012"]
[Source "ChessBase"]
[SourceDate "2011.11.24"]
[SourceVersion "1"]
[SourceVersionDate "2011.11.24"]
[SourceQuality "1"]

1. e4 e5 2. Nc3 Nf6 3. f4 d5 4. fxe5 Nxe4 5. Nf3 Nxc3 6. dxc3 Be7 7. Be3 Nc6 8. Qd2 Bg4 9. Bb5 Bh4+ 10. Bf2 Bxf3 11. gxf3 Bxf2+ 12. Qxf2 Qe7 13. 0-0-0 a6 14. Ba4 b5 15. Bb3 Na7 16. Bxd5 c6 17. Be4 Qxe5 18. Bxc6+ Nxc6 19. Rhe1 0-0 20. Rxe5 Nxe5 21. Rg1 Rfe8 22. f4 Nd7 23. Qh4 Nb6 24. f5 Rad8 25. f6 1-0

[Event "Dortmund Sparkassen op-B"]
[Site "Dortmund"]
[Date "2008.07.02"]
[Round "4"]
[White "Grube, Frank"]
[Black "Raschkowski, Alexander"]
[Result "1-0"]
[WhiteElo "1880"]
[BlackElo "1619"]
[PlyCount "155"]
[EventDate "2008.06.30"]
[EventType "swiss"]
[EventRounds "9"]
[EventCountry "GER"]
[SourceTitle "EXT 2022"]
[Source "ChessBase"]
[SourceDate "2021.10.06"]
[SourceVersion "1"]
[SourceVersionDate "2021.10.06"]
[SourceQuality "1"]

1. d4 d5 2. c4 e6 3. g3 Nf6 4. Bg2 Be7 5. Nf3 0-0 6. 0-0 b6 7. cxd5 exd5 8. Qc2 Bb7 9. Bg5 Nbd7 10. Rd1 h6 11. Bxf6 Bxf6 12. Nc3 c6 13. e4 dxe4 14. Nxe4 Be7 15. Rac1 Rc8 16. Bh3 f5 17. Nc3 Bg5 18. Qb3+ Kh8 19. Ne5 Nxe5 20. dxe5 Qe8 21. f4 Be7 22. Bg2 Bc5+ 23. Kh1 Rd8 24. Rxd8 Qxd8 25. Rd1 Qe8 26. Qc4 Be7 27. Qe6 Bb4 28. Qc4 Be7 29. a3 b5 30. Qd3 Qh5 31. Bf3 Qh3 32. Qe2 Rd8 33. Rc1 g5 34. Bg2 Qg4 35. Qxg4 fxg4 36. Rd1 Rxd1+ 37. Nxd1 gxf4 38. gxf4 Bc5 39. Be4 Kg7 40. Kg2 h5 41. Kg3 a5 42. Nf2 Bd4 43. Nd3 Ba6 44. b4 axb4 45. Nxb4 Bb7 46. Bxc6 Bxc6 47. Nxc6 Bb2 48. Na7 Bxa3 49. Nxb5 Bb2 50. Nd6 Kh6 51. e6 Bf6 52. Nf5+ Kg6 53. Ne3 Kg7 54. Nd5 Bd4 55. Kh4 Bg1 56. Kxh5 Bxh2 57. Kxg4 Kf8 58. Kf5 Bg1 59. Kg6 Bd4 60. f5 Be5 61. f6 Ba1 62. Nb6 Bb2 63. Nd5 Ba3 64. e7+ Bxe7 65. fxe7+ Ke8 66. Kf6 Kd7 67. Kf7 Kd6 68. e8Q Kxd5 69. Qe6+ Kd4 70. Kf6 Kd3 71. Qg4 Ke3 72. Ke5 Kd3 73. Qd4+ Ke2 74. Qc3 Kf2 75. Kf4 Kg2 76. Qe3 Kf1 77. Qd2 Kg1 78. Kg3 1-0

[Event "Dortmund op-B"]
[Site "Dortmund"]
[Date "2007.06.28"]
[Round "6"]
[White "Wojdyla, Richard"]
[Black "Raschkowski, Alexander"]
[Result "0-1"]
[WhiteElo "1506"]
[BlackElo "1352"]
[PlyCount "76"]
[EventDate "2007.06.22"]
[EventType "swiss"]
[EventRounds "9"]
[EventCountry "GER"]
[SourceTitle "EXT 2008"]
[Source "ChessBase"]
[SourceDate "2007.11.25"]
[SourceVersion "1"]
[SourceVersionDate "2007.11.25"]
[SourceQuality "1"]

1. e4 d5 2. exd5 Nf6 3. g3 Bg4 4. Nf3 Qxd5 5. Bg2 Qe4+ 6. Qe2 Qxe2+ 7. Kxe2 Nc6 8. c3 e5 9. h3 Bh5 10. Re1 0-0-0 11. Kf1 Bd6 12. b4 Rhe8 13. Ng5 h6 14. Ne4 Nxe4 15. Bxe4 Bg6 16. d3 Bxe4 17. dxe4 Rf8 18. Nd2 f5 19. Nc4 fxe4 20. Rxe4 b5 21. Nb2 Rf3 22. Be3 Be7 23. Ke2 Rdf8 24. Nd3 Bg5 25. Bc5 R8f7 26. a4 a6 27. axb5 axb5 28. Kd1 Rxd3+ 29. Kc2 Rd2+ 30. Kb3 Rfd7 31. Ra8+ Kb7 32. Rf8 R7d3 33. h4 Bf6 34. Be3 Nd4+ 35. Rxd4 exd4 36. Bxd2 Rxd2 37. c4 d3 38. cxb5 Rb2+ 0-1

[Event "GER-chT U12"]
[Site "Verden an der Aller"]
[Date "2006.12.30"]
[Round "7.2"]
[White "Konow, Philipp"]
[Black "Raschkowski, Alexander"]
[Result "1-0"]
[WhiteElo "1723"]
[BlackElo "1221"]
[PlyCount "42"]
[EventDate "2006.12.27"]
[EventType "team-swiss"]
[EventRounds "7"]
[EventCountry "GER"]
[SourceTitle "EXT 2008"]
[Source "ChessBase"]
[SourceDate "2007.11.25"]
[SourceVersion "1"]
[SourceVersionDate "2007.11.25"]
[SourceQuality "1"]
[WhiteTeam "Stader SV U12"]
[BlackTeam "Brackel SF U12"]
[WhiteTeamCountry "GER"]
[BlackTeamCountry "GER"]

1. d4 Nf6 2. c4 e5 3. dxe5 Ne4 4. Nf3 Bb4+ 5. Nbd2 Nc6 6. Qc2 d5 7. a3 Bxd2+ 8. Bxd2 Bf5 9. Qa4 0-0 10. e3 Re8 11. cxd5 Qxd5 12. Bc4 Qd8 13. Rd1 a6 14. Bb4 Qc8 15. Qb3 Be6 16. Bxe6 Qxe6 17. Qxe6 Rxe6 18. Nd4 Rxe5 19. Nxc6 bxc6 20. f3 a5 21. Bxa5 Rexa5 1-0

[Event "Dortmund op-B"]
[Site "Dortmund"]
[Date "2005.07.16"]
[Round "8"]
[White "Schoettler, Richard"]
[Black "Raschkowski, Alexander"]
[Result "1-0"]
[WhiteElo "1653"]
[BlackElo "1171"]
[PlyCount "45"]
[EventDate "2005.07.08"]
[EventType "swiss"]
[EventRounds "9"]
[EventCountry "GER"]
[SourceTitle "CBM 107 Extra"]
[Source "ChessBase"]
[SourceDate "2005.09.01"]
[SourceVersion "1"]
[SourceVersionDate "2005.09.01"]
[SourceQuality "1"]

1. e4 e5 2. Nf3 Nc6 3. Bc4 d6 4. d3 Bg4 5. c3 Nf6 6. h3 Bh5 7. Bg5 h6 8. Bh4 Be7 9. Nbd2 Nd7 10. Bxe7 Qxe7 11. Qc2 Qf6 12. Bd5 Rb8 13. 0-0-0 Ne7 14. Bb3 Bxf3 15. Nxf3 Qf4+ 16. Kb1 Nc5 17. Rhe1 a5 18. d4 Na6 19. Qd3 b5 20. dxe5 dxe5 21. Qd7+ Kf8 22. Qd8+ Rxd8 23. Rxd8# 1-0

[Event "Dortmund op-B"]
[Site "Dortmund"]
[Date "2005.07.15"]
[Round "7"]
[White "Raschkowski, Alexander"]
[Black "Friedel, Roland"]
[Result "1/2-1/2"]
[WhiteElo "1171"]
[BlackElo "1444"]
[PlyCount "90"]
[EventDate "2005.07.08"]
[EventType "swiss"]
[EventRounds "9"]
[EventCountry "GER"]
[SourceTitle "CBM 107 Extra"]
[Source "ChessBase"]
[SourceDate "2005.09.01"]
[SourceVersion "1"]
[SourceVersionDate "2005.09.01"]
[SourceQuality "1"]

1. e4 e6 2. d4 d5 3. exd5 exd5 4. Nc3 c6 5. Nf3 Bg4 6. h3 Bh5 7. Bg5 Be7 8. Bxe7 Nxe7 9. Be2 0-0 10. Ng5 Bxe2 11. Qxe2 h6 12. Nf3 Nd7 13. 0-0 Re8 14. Rfe1 Ng6 15. Qxe8+ Qxe8 16. Rxe8+ Rxe8 17. g3 Re6 18. Re1 Rxe1+ 19. Nxe1 Kf8 20. Kg2 Ke7 21. Kf3 Ke6 22. Kg4 Nf6+ 23. Kf3 Kd6 24. Na4 b6 25. b4 Nd7 26. Nd3 Ngf8 27. Ke3 Ne6 28. f3 c5 29. c3 cxd4+ 30. cxd4 Nc7 31. Nc3 Nf8 32. b5 Nfe6 33. Nf4 Nxf4 34. Kxf4 Ne6+ 35. Ke3 f5 36. Ne2 g5 37. h4 Ke7 38. hxg5 hxg5 39. f4 gxf4+ 40. Nxf4 Nxf4 41. gxf4 Kf6 42. Kf3 Kg6 43. Kg3 Kh6 44. Kh4 Kg6 45. a3 Kh6 1/2-1/2